000 00880nam a2200265 a 4500
001 000038211
003 DO-SdBNP
005 20250227073854.0
007 ta
008 130322s1986 dr a 000 0 spa d
040 _aDO-SdBNP
_bspa
_cBNPHU
082 4 _a306
_bH764s 1986
_222
245 0 0 _aHombre y sociedad :
_blecturas escogidas /
_ccompilador José Alcántara Almánzar.
250 _a2a ed. Rev. y ampl.
260 _aSanto Domingo :
_bINTEC,
_c1986.
300 _a322 p. :
_bil. ;
_c22 cm.
500 _aIncluye referencias bibliográficas y notas al pie de las páginas
590 _aInventariado, 2018/BT
650 0 _aSociología
_91061
650 4 _aEtnología
_92825
700 1 _aAlcántara Almánzar, José
_d1946-
_ecomp.
_97018
710 2 _aInstituto Tecnológico de Santo Domingo
_978911
910 _aValidado. Control de calidad. MFF
942 _2ddc
_cLBS1
999 _c37701
_d37701